| 000 | 01092cam a22002895a 4500 | ||
|---|---|---|---|
| 008 | 150816t1997 enkad||f |||| 00| 0 eng d | ||
| 010 | _a 96037026 | ||
| 020 | _a0521573548 (hardback) | ||
| 020 | _a9780521573542 | ||
| 040 |
_aEG-ScBUE _beng _cEG-ScBUE |
||
| 082 | 0 | 4 |
_a332.0151 _bNUM _222 |
| 245 | 0 | 0 |
_aNumerical methods in finance / _cedited by L.C.G. Rogers and D. Talay. |
| 260 |
_aCambridge ; _bCambridge University Press,c. _cc.1997. |
||
| 300 |
_ax, 326 p. : _bill. ; _c24 cm. |
||
| 490 | _aPublications of the Newton Institute | ||
| 504 | _aIncludes bibliographical references. | ||
| 650 | 0 |
_aFinance _xMathematical models. _2BUEsh |
|
| 651 | _2BUEsh | ||
| 653 |
_bBUSECO _cAugust2015 |
||
| 655 |
_vtext book _933728 |
||
| 700 | 1 |
_aTalay, D. _q(Denis) |
|
| 700 | 1 | _aRogers L.C.C | |
| 856 | 4 | 1 |
_3Sample text _uhttp://www.loc.gov/catdir/samples/cam031/96037026.html |
| 856 | 4 | 1 |
_3Publisher description _uhttp://www.loc.gov/catdir/description/cam028/96037026.html |
| 856 | 4 | 1 |
_3Table of contents _uhttp://www.loc.gov/catdir/toc/cam027/96037026.html |
| 942 |
_cBB _k332.0151ROG _2ddc |
||
| 999 |
_c5975 _d5975 |
||